Catálogo
 En Linea

Cómo aprender a estudiar. / (Registro nro. 45442)

Detalles MARC
000 -CABECERA
campo de control de longitud fija 00635nam a2200181 a 4500
001 - NÚMERO DE CONTROL
campo de control 000045953
005 - FECHA Y HORA DE LA ÚLTIMA TRANSACCIÓN
campo de control 20201002052538.0
008 - DATOS DE LONGITUD FIJA--INFORMACIÓN GENERAL
campo de control de longitud fija 150603s2015 dr c 000 0 spa d
020 ## - NÚMERO INTERNACIONAL ESTÁNDAR DEL LIBRO
Número Internacional Estándar del Libro 9789945083088
040 ## - FUENTE DE LA CATALOGACIÓN
Centro catalogador/agencia de origen DO-SdBNP
Lengua de catalogación spa
Centro/agencia transcriptor BNPHU
100 1# - ENTRADA PRINCIPAL--NOMBRE DE PERSONA
Nombre de persona González Venus, Lorenzo R.
Fechas asociadas al nombre 1958-
9 (RLIN) 74024
245 10 - MENCIÓN DE TÍTULO
Título Cómo aprender a estudiar. /
Mención de responsabilidad, etc. Lorenzo R. González Venus.
246 12 - FORMA VARIANTE DE TÍTULO
Título propio/Titulo breve Técnicas de estudios
Resto del título (cómo aprender a estudiar)
260 ## - PUBLICACIÓN, DISTRIBUCIÓN, ETC.
Lugar de publicación, distribución, etc. Santo Domingo :
Nombre del editor, distribuidor, etc. Leo Antillas,
Fecha de publicación, distribución, etc. 2015.
300 ## - DESCRIPCIÓN FÍSICA
Extensión 103 p. :
Otras características físicas restr. ;
Dimensiones 22 cm.
500 ## - NOTA GENERAL
Nota general Técnicas de estudios
500 ## - NOTA GENERAL
Nota general Incluye datos biografícos del autor en la contracubierta.
Existencias
Estado de retiro Estado de pérdida No para préstamo Código de colección Localización permanente Ubicación/localización actual Ubicación en estantería Fecha de adquisición Número de inventario Total de préstamos Signatura topográfica completa Código de barras Fecha visto por última vez Número de copia Precio válido a partir de Tipo de ítem Koha
    Excluido de préstamo Dominicana de Servicio General General Depósito 03.06.2015 LF1   45953-30 25.06.2020 e. 3 25.06.2020 Libro y Folleto Colección Dominicana de Servicio
    Excluido de préstamo Patrimonio Dominicano Patrimonio Dominicano Patrimonio Dominicano Depósito 03.06.2015 LF1   45953-10 25.06.2020   25.06.2020 Libro y Folleto Colección Patrimonio Dominicano
    Excluido de préstamo Patrimonio Dominicano Patrimonio Dominicano Patrimonio Dominicano Depósito 03.06.2015 LF1   45953-20 25.06.2020 e. 2 25.06.2020 Libro y Folleto Colección Patrimonio Dominicano

Con tecnología Koha